| 000 | 00890nmc a2200325 a 4500 | ||
|---|---|---|---|
| 003 | AR-BaBNM | ||
| 005 | 20251128205616.0 | ||
| 008 | 298019s1989 ||||||||||||||000 | spa|| | ||
| 020 | _a950-12-7019-X | ||
| 040 | _cAR-BaBNM | ||
| 100 | 1 | _aKancyper, Luis | |
| 245 | 1 | 0 | _aJorge Luis Borges, o, El laberinto de Narciso |
| 246 | 1 | _aEl laberinto de Narciso | |
| 250 | _a1ª ed. | ||
| 260 |
_aBuenos Aires _bPaidós _c1989 |
||
| 300 | 0 | _a114 p. | |
| 490 | 0 |
_aIdeas y perspectivas _vv. 19 |
|
| 500 | 0 | _aContiene referencias bibliográficas en p. 111 | |
| 650 | 4 | _aLITERATURA ARGENTINA | |
| 650 | 4 | _aESCRITORES | |
| 650 | 4 | _aCRITICA LITERARIA | |
| 650 | 4 | _aPSICOANALISIS | |
| 650 | 4 | _aLITERATURA CONTEMPORANEA | |
| 650 | 4 | _aBIOGRAFIAS | |
| 650 | 4 | _aANALISIS LITERARIO | |
| 655 | _aLITERATURA | ||
| 700 | 1 |
_aBaranguer, Willy _eprologuista |
|
| 942 | _cBK | ||
| 998 | _cMARTIN | ||
| 999 |
_c12111 _d12111 |
||